Curricula in der Schule
| Titel: | Curricula in der Schule / Wolfgang Mitter (Hrsg.) |
|---|---|
| Beteiligt: | |
| Veröffentlicht: | Köln [u.a.] : Böhlau |
| Umfang: | 21 cm |
| Format: | Mehrteiliges Werk |
| Sprache: | Deutsch |
| Schriftenreihe/ mehrbändiges Werk: |
Studien und Dokumentationen zur vergleichenden Bildungsforschung ; ... |
| Bände: |
alle Bände anzeigen
|
X
alg: 2971399
001A $00030:09-06-94
001B $01999:19-11-16 $t02:11:06.000
001C $03032:23-05-14 $t07:49:24.000
001D $09999:99-99-99
001U $0utf8
001X $00
002@ $0Acu
003@ $0029713994
003O $075638090 $aOCoLC
006G $0940092077
006L $0940092077 $2DNB
006U $f19931220
007A $0029713994 $aHEB
010@ $ager
013H $0z
015@ $00
021A $aCurricula in der Schule $hWolfgang Mitter (Hrsg.)
028C $BHrsg. $#Mitter, W. $7118197304 $8Mitter, Wolfgang$Z1927-2014 [Tp3] $9151675139
033A $pKöln {[u.a.] $nBöhlau
034I $a21 cm
036E $aStudien und Dokumentationen zur vergleichenden Bildungsforschung $l...
037A $aLiteraturangaben
041A $RLehrplan $#Education Curricula $#Programmes d'études $#Curriculum $#Curricularer Lehrplan $#Curricula $74010781-4 $8Curriculum [Ts1] $9085021504
041A/01 $RVergleich $#Ländervergleich $74120509-1 $8Internationaler Vergleich [Ts1] $9085385131
041A/80 $i6.4
045E $c22
lok: 2971399 3
101B $023-04-10 $t16:28:57.000
101C $023-04-10
101U $0utf8
145S/01 $a005
exp: 2971399 3 1 #EPN
201B/01 $006-06-97 $t15:23:54.441
203@/01 $0110347323
208@/01 $a21-02-97 $bdummy
201U/01 $0utf8
lok: 2971399 8
exp: 2971399 8 1 #EPN
201B/01 $021-04-97 $t12:29:58.218
203@/01 $0110347331
208@/01 $a21-02-97 $bdummy
201U/01 $0utf8
lok: 2971399 23
exp: 2971399 23 1 #EPN
201B/01 $013-12-02 $t12:12:19.482
201C/01 $020-03-02
203@/01 $0169493938
208@/01 $a20-03-02 $bda
201U/01 $0utf8
lok: 2971399 25
exp: 2971399 25 1 #EPN
201B/01 $021-02-97 $t20:36:05.654
203@/01 $0110347358
208@/01 $a21-02-97 $bdummy
201U/01 $0utf8
lok: 2971399 78
exp: 2971399 78 1 #EPN
201B/01 $013-11-16 $t23:35:24.000
203@/01 $0794571549
208@/01 $a13-11-16 $bdummy
201U/01 $0utf8
lok: 2971399 204
exp: 2971399 204 1 #EPN
201B/01 $002-10-97 $t00:04:50.347
203@/01 $0115168133
208@/01 $a02-10-97 $bdummy
201U/01 $0utf8
lok: 2971399 205
exp: 2971399 205 1 #EPN
201B/01 $018-02-05 $t11:38:19.000
201C/01 $012-12-01
203@/01 $0123566762
208@/01 $a18-02-05 $bdummy
201U/01 $0utf8
| LEADER | 00000cam a2200000 ca4500 | ||
|---|---|---|---|
| 001 | 029713994 | ||
| 003 | DE-603 | ||
| 005 | 20161119021106.0 | ||
| 007 | tu | ||
| 008 | 940609s xx |||| | u00||u|ger | ||
| 016 | 7 | |2 DE-101 |a 940092077 | |
| 035 | |a (DE-599)HEB029713994 | ||
| 035 | |a (DE-101)940092077 | ||
| 035 | |a (OCoLC)75638090 | ||
| 040 | |a DE-603 |b ger |c DE-603 |d DE-603 | ||
| 041 | |a ger | ||
| 084 | |a 22 |q DE-101 |2 sdnb | ||
| 084 | |a 6.4 |q DE-101 |2 sdnb | ||
| 245 | 0 | 0 | |a Curricula in der Schule |c Wolfgang Mitter (Hrsg.) |
| 264 | 1 | |a Köln [u.a.] |b Böhlau | |
| 300 | |c 21 cm | ||
| 490 | 0 | |a Studien und Dokumentationen zur vergleichenden Bildungsforschung |v ... | |
| 500 | |a Literaturangaben | ||
| 650 | 7 | |a Curriculum |0 (DE-588)4010781-4 |0 (DE-603)085021504 |2 gnd | |
| 650 | 7 | |a Internationaler Vergleich |0 (DE-588)4120509-1 |0 (DE-603)085385131 |2 gnd | |
| 700 | 1 | |a Mitter, Wolfgang |d 1927-2014 |e Hrsg. |4 edt |0 (DE-603)151675139 |0 (DE-588)118197304 |2 gnd | |
| 924 | 0 | |9 603 |a (DE-603)110347323 |b DE-603 |c HES |d d | |
| 924 | 0 | |9 603 |a (DE-603)110347331 |b DE-603 |c HES |d d | |
| 924 | 0 | |9 603 |a (DE-603)169493938 |b DE-603 |c HES |d d | |
| 924 | 0 | |9 603 |a (DE-603)110347358 |b DE-603 |c HES |d d | |
| 924 | 0 | |9 603 |a (DE-603)794571549 |b DE-603 |c HES |d d | |
| 924 | 0 | |9 603 |a (DE-603)115168133 |b DE-603 |c HES |d d | |
| 924 | 0 | |9 603 |a (DE-603)123566762 |b DE-603 |c HES |d d | |


